Name a Valid Country for Each Animal #3 - Statistics

General Stats
  • This quiz has been taken 32 times
  • The average score is 8 of 15
Answer Stats
Hint Scientific Name Answer % Correct
King Cobras Ophiophagus
100%
Meerkats Suricata suricatta
74%
Axolotls Ambystoma mexicanum
70%
Rheas Rhea
70%
Harpy Eagles Harpia harpyja
65%
Pronghorns Antilocapra americana
57%
Gharials Gavialis
52%
Tree Shrews Scandentia
48%
Slow Lorises Nycticebus
48%
Lyrebirds Menura
48%
Big-Headed Turtles Platysternon megacephalum
48%
Vinegaroons Uropygi
43%
Red River Hogs Potamochoerus porcus
30%
Saolas Pseudoryx nghetinhensis
30%
Black-and-Rufous Elephant Shrews Rhynchocyon petersi
26%
No matching quizzes found
Score Distribution
Percent of People with Each Score
Percentile by Number Answered
Your Score History
You have not taken this quiz